Answers Start With K - Statistics

General Stats
  • This quiz has been taken 103 times
  • The average score is 13 of 14
Answer Stats
Hint Answer % Correct
Baby cat Kitten
98%
Do this to a soccer ball Kick
97%
Queen's counterpart King
96%
Like a canoe Kayak
93%
US state known for a certain horse derby Kentucky
93%
The other US state beginning with K Kansas
92%
Sit on knees Kneel
92%
Largest -stan country Kazakhstan
90%
Sailors tie these Knot
90%
I _____ right! (IKR!) Know
88%
Followed by "Who's there?" Knock
87%
Baby goat Kid
83%
Camera brand Kodak
79%
What you do to bread before you bake it Knead
74%
No matching quizzes found
Score Distribution
Percent of People with Each Score
Percentile by Number Answered
Your Score History
You have not taken this quiz